Stupid quiz #987 - Statistics

General Stats
  • This quiz has been taken 24 times
  • The average score is 4 of 7
Answer Stats
Answer % Correct
Mondayz
100%
Tuesdayz
100%
Sundayz
65%
Fridayz
41%
Saturdayz
41%
Wednesdayz
41%
Thursdayz
35%
No matching quizzes found
Score Distribution
Percent of People with Each Score
Percentile by Number Answered
Your Score History
You have not taken this quiz